Croatian 1. HNL by Badge - Statistics

General Stats
  • This quiz has been taken 58 times
  • The average score is 9 of 10
Answer Stats
Picture Answer % Correct
Dinamo Zagreb
100%
Hajduk Split
100%
HNK Rijeka
96%
NK Osijek
95%
Lokomotiva Zagreb
93%
HNK Gorica
91%
Istra Pula
91%
Slaven Belupo
91%
NK Varaždin
87%
HNK Vukovar
85%
No matching quizzes found
Score Distribution
Percent of People with Each Score
Percentile by Number Answered
Your Score History
You have not taken this quiz